Scrambled Flowers - Statistics

General Stats
  • This quiz has been taken 220 times
    203 since last reset
  • The average score is 11 of 16
Answer Stats
Scrambled Flower Answer % Correct
seor Rose
99%
ltipu Tulip
99%
isyda Daisy
98%
srii Iris
96%
fifoadld Daffodil
90%
reflonusw Sunflower
88%
adliha Dahlia
81%
yanps Pansy
81%
hahtcniy Hyacinth
66%
greahdyan Hydrangea
61%
smthmaeynrcuh Chrysanthemum
60%
niazin Zinnia
53%
gfvoeolx Foxglove
49%
lgoliuasd Gladiolus
29%
gt etrenoof m Forget-Me-Not
16%
rfahsityo Forsythia
6%
No matching quizzes found
Score Distribution
Percent of People with Each Score
Percentile by Number Answered
Your Score History
You have not taken this quiz since the last reset